00701nam a2200253 a 4500001001300000003000900013005001700022008004100039020001000080082001400090100001900104245003100123260003800154300000900192500003500201505001000236650002600246700001900272700001600291902000800307942000700315952011000322999001500432nice12345678IN_TiNIC20260116012015.0050524s1974 laha grp 000 0 urd  ac3.800a231bBAI2 aBaily, Kenneth aZaat-E-Ilahi Par Baatcheet aLahorebMasihi Ishaat Khanac1974 a299p aincludes index and biblioraphy2 aIndex aGod-Biblical Teaching1 aWiclif A Singh1 aF Najmuddin bSRS cBK 001040708StackRoom-aHMIbHMId2007-06-14g3.80l0o231 BAI2p09013r2007-06-14v3.80w2005-05-24yBK c5261d5261